000 01639cam a22004334i 4500
003 PE-LiUPU
005 20250904150228.0
008 150617s1948 waua r 000 0 eng d
035 _a(Sirsi) a12462
040 _aPE-LiUPU
_bspa
_cPE-LiUPU
_erda
049 _aPRUA
082 0 4 _a232.12
_bL478c
_223
100 1 _aLee, Leonardo,
_eautor.
245 1 0 _aClouds over America :
_bthe united states in Bible prophecy /
_cLeonardo Lee.
264 1 _aWashington :
_bReview and herald publishing association,
_c1948.
300 _a121 páginas :
_bilustraciones ;
_c16 centímetros.
336 _atext
_2rdacontent
337 _aunmediated
_2rdamedia
338 _avolume
_2rdacarrier
505 0 _aThe united states in prophecy -- Prophetic lights of the future -- Providences in the discovery of America -- The rise of America -- The light of the world -- United states and world power -- The marvel of nations -- America and the Anglo-Israel theory -- America and world freedom -- Clouds over America -- The united states of the world.
526 _aSEG42
526 _aSEG41
526 _aSEG40
526 _aSEG39
526 _aP94
526 _aP87
526 _aP86
526 _aP85
526 _aP77
526 _aP76
526 _aP35
630 0 _aBiblia.
_xProfecías.
_93777
651 1 4 _aEstados Unidos
_xProfecías.
_93776
910 _ajck
942 _2ddc
_cBK
949 _a232.12 L37
_wDEWEY
_c1
_i23227
_lCCODEBUL1
_mBUL
_p00.00
_r0
_sY
_tBOOK
_u19841201
_xTEOLOGIA
_0COMPRA
_o.STAFF. Colección general
980 _818226
_gJaime Vilcazán Jefe de Análisis Documental
999 _c2723
_d2723